LEADER 01496nam a2200337 a 4500 001 000000052251 003 CaOOAMICUS 005 20131206095234.0 008 001012s1954 it u000 u ita r 035 $a10858014 040 $aPUL$bita 041 1 $aita$agrc$hgrc 100 0 $aPolybius,$dc. 205-c. 120 a.C.$0(OLS)http://pul/name/3655 240 10$aHistoriae.$lItaliano e greco.$0(OLS)http://pul/title/163603 245 10$aPensieri sulla storia e sulla politica /$cPolibio ; a cura di Attilio Roveri. 260 $aFirenze :$bFussi$g1954 300 $a137 p. ;$c22 cm 490 1 $aIl melagrano ;$v133-135 546 $aTesto a fronte in greco. 700 1 $aRoveri, Attilio.$0(OLS)http://pul/name/37365 830 3$aIl melagrano ;$v133-135.$0(OLS)http://pul/title/9155 850 $aPUL 852 $aPUL$W1$xDP1 Fondo Ciprotti$y59$m1546 B 46$j69104$nBK-PRI$b $qFondi$B69104$CPULBib$Z2$F69104 $H $81 852 $aPUL$W1$xDP1 Fondo Cecchetti$y53$m293 B 38$j69105$nBK-PRI$b $qFondi$B69105$CPULBib$Z2$F69105 $HPUL3242 $81 852 $aPUL$W1$xDP1 Fondo E. Rossi$y115$m2 G 48$j157505$a3. copia$qFondi$B156969$CPULBib$Z2$F156969 $82 941 1 $a1 961 $aINV: F.CIPROTTI 961 $aSul dorso collocazione ms. di E. Rossi: CL 24 996 $6245$aPensieri sulla storia e sulla politica$9(OLS)http://pul/title/70092 996 $6260$aFirenze :$bFussi$9(OLS)http://pul/publisher/51190 LEADER 01223nam a2200289 u 4500 001 000000056489 003 CaOOAMICUS 005 20070226120459.0 008 800910m19631965it u000 u ita u 035 $a10878963 040 $aPica$bdut$dPUL(R) 100 1 $aBerselli, Aldo,$d1916-$0(OLS)http://pul/name/39626 245 13$aLa destra storica dopo l'Unità /$cAldo Berselli. 260 $a[Bologna] :$bIl Mulino,$c1963-1965. 300 $a2 v. ;$c22 cm 490 1 $aSaggi ;$v41 504 $aIncludes bibliographical references. 505 0 $av.1: L'idea liberale e la Chiesa cattolica -- v.2: Italia legale e Italia reale 830 0$aSaggi ;$v41.$0(OLS)http://pul/title/1603 850 $aPUL 852 $aPUL$W1$xSL Filosofia 1$y2$m115 F 25-26$j74095$nBK-PRI$b $qStampati$B74095$CPULBib$Z2$F74095 $H $81 852 $aPUL$W1$xSL Filosofia 1$y2$m115 F 25-26$j74095$nBK-PRI$b $qStampati$B74096$CPULBib$Z2$F74096 $H $81 941 1 $a8 961 $aINV: 31234-5 961 $aINV: 31234-5 996 $6245$aLa destra storica dopo l'Unità$9(OLS)http://pul/title/75557 996 $6260$a[Bologna] :$bIl Mulino$9(OLS)http://pul/publisher/51012